Billion pound boost for top 60 firms (Record no. 77365)

MARC details
000 -LEADER
fixed length control field 01205cab a2200193 4500
001 - CONTROL NUMBER
control field ##L134084
008 - FIXED-LENGTH DATA ELEMENTS--GENERAL INFORMATION
fixed length control field 060707n2006 000 0 eng u
035 ## - SYSTEM CONTROL NUMBER
System control number (Sirsi) u134084
041 0# - LANGUAGE CODE
Language code of text/sound track or separate title eng
100 1# - MAIN ENTRY--PERSONAL NAME
Personal name Fisher, Liz
245 00 - TITLE STATEMENT
Title Billion pound boost for top 60 firms
260 ## - PUBLICATION, DISTRIBUTION, ETC.
Date of publication, distribution, etc. 2006
490 #0 - SERIES STATEMENT
Series statement Accountancy
Volume/sequential designation 138(1355) July 2006, 28-46(14)
520 ## - SUMMARY, ETC.
Summary, etc. Series of articles from the "Accountancy" annual top 60 league table of accountancy firms. Reports that the combined income of the top 60 firms has increased by 14% over the year. The league table gives data for fee income, previous year's income, UK offices, number of partners, number of staff, LLP status, whether annual accounts are published, auditor, and year end date. Provides a personnel profile for the top 60 firms, with fees per partner data. Looks at the increasing transparency of firms' profitability and gives fee income breakdown data. Reports comments from the mid tier firms in the wake of the Oxera report, and discusses whether partners are an endangered species. Tables.
590 ## - LOCAL NOTE (RLIN)
Local note IKA180706
690 ## - LOCAL SUBJECT ADDED ENTRY--TOPICAL TERM (OCLC, RLIN)
Topical term or geographic name as entry element MANAGEMENT-BUSINESS MANAGEMENT-FINANCIAL MANAGEMENT-ACCOUNTING
700 1# - ADDED ENTRY--PERSONAL NAME
Personal name Percy, Sally
942 ## - ADDED ENTRY ELEMENTS (KOHA)
Suppress in OPAC 0
Holdings
Withdrawn status Lost status Source of classification or shelving scheme Damaged status Not for loan Home library Current library Shelving location Date acquired Total Checkouts Full call number Barcode Date last seen Copy number Price effective from Koha item type
    Dewey Decimal Classification     London London Journal article 07/07/2006   L134084 134084-1001 06/08/2019 1 06/08/2019 Journal article